Equipo de prueba para automóviles : osciloscopios, medidores y estuches de conexión para laboratorio /
Serie de capacitación sobre equipo de prueba para automóviles, dividida en tres tomos. El segundo de los volúmenes presenta los siguientes puntos como contenidos más relevantes: 1. El osciloscopio de memoria digital es un equipo de prueba versátil, que puede desplegar una amplia gama de señales y de...
Gardado en:
| Autor Principal: | |
|---|---|
| Outros autores: | |
| Formato: | |
| Idioma: | Lingua castelá |
| Publicado: |
EUA :
Bergwall,
1998, c1998
México : Thomson [distribución], 2004, c2004 |
| Temas: | |
| Etiquetas: |
Sen Etiquetas, Sexa o primeiro en etiquetar este rexistro!
|
MARC
| LEADER | 00000ngm^a2200000^a^4500 | ||
|---|---|---|---|
| 001 | 000189832 | ||
| 005 | 20250521000000.0 | ||
| 009 | 20260310102429.147 | ||
| 020 | |a 970-686-447-4 | ||
| 037 | |a Acervo ITESO - Biblioteca | ||
| 041 | |a ESP | ||
| 082 | |a 629. 28 |b BIL V. 2 | ||
| 100 | |a Bilotta, Peter |e (autor) | ||
| 240 | 1 | 1 | |a [Equipo de prueba para automóviles] |
| 245 | 1 | 0 | |a Equipo de prueba para automóviles : |b osciloscopios, medidores y estuches de conexión para laboratorio / |c P. Bilotta ; prod. de J. Valerio. |
| 264 | 4 | |a EUA : |b Bergwall, |c 1998, c1998 | |
| 264 | 4 | |a México : |b Thomson [distribución], |c 2004, c2004 | |
| 300 | |a 1 DVD sin dato de región |c (22 min.) | ||
| 336 | |a imagen móvil bidimensional |b tdi |2 rdacontenido | ||
| 337 | |a video |b v |2 rdamedio | ||
| 338 | |a videodisco |b vd |2 rdasoporte | ||
| 500 | |a Traducción de: Automotive Test Equipment: Lab Scopes, Meters and Break Out Boxes | ||
| 520 | |a Serie de capacitación sobre equipo de prueba para automóviles, dividida en tres tomos. El segundo de los volúmenes presenta los siguientes puntos como contenidos más relevantes: 1. El osciloscopio de memoria digital es un equipo de prueba versátil, que puede desplegar una amplia gama de señales y debido a que mide la calidad de las señales, ayuda a identificar problemas intermedios. 2. Los multímetros digitales pueden usarse para medir corriente, voltaje y resistencia; algunos también pueden emplearse para medir temperatura y 3. El tablero de conexiones le permite efectuar derivaciones en el arnés de cableado de la computadora de a bordo del automóvil. | ||
| 546 | |a Doblaje al español | ||
| 649 | |a XX | ||
| 650 | |a Automóviles - |x Pruebas - |x Tema Principal | ||
| 650 | |a Automóviles - |x Mantenimiento y Reparación | ||
| 650 | |a Automóviles - |x Equipo Eléctrico | ||
| 650 | |a Computadoras | ||
| 650 | |a Osciloscopios | ||
| 650 | |a Voltímetro | ||
| 650 | |a Electrónica - |x Equipo y Aparatos | ||
| 650 | |a Electricidad - |x Medición | ||
| 650 | |a Ingeniería Electrónica | ||
| 650 | |a Ingeniería Automotriz | ||
| 700 | |a Valerio, John |e (producción) | ||
| 910 | |a Fondo General | ||
| 920 | |a Audiovisuales - DVDs | ||
| 905 | |a 308 | ||
| 901 | |a 0500129154 |b IT2 |c DVR |u 20250521 | ||
| 902 | |a https://opac.biblio.iteso.mx/vufind/Record/000189832 | ||